Veale Wasbrough on property development (Record no. 101661)

MARC details
000 -LEADER
fixed length control field 01132cam a2200241 4500
008 - FIXED-LENGTH DATA ELEMENTS--GENERAL INFORMATION
fixed length control field 010921n2002 000 0 eng u
020 ## - INTERNATIONAL STANDARD BOOK NUMBER
International Standard Book Number 0406945179
035 ## - SYSTEM CONTROL NUMBER
System control number (Sirsi) u114750
041 ## - LANGUAGE CODE
Language code of text/sound track or separate title eng.
100 ## - MAIN ENTRY--PERSONAL NAME
Personal name Smithers, Tim
-- Editor
245 ## - TITLE STATEMENT
Title Veale Wasbrough on property development
260 ## - PUBLICATION, DISTRIBUTION, ETC.
Place of publication, distribution, etc. London
Name of publisher, distributor, etc. Butterworth and Company
Date of publication, distribution, etc. 2002
300 ## - PHYSICAL DESCRIPTION
Extent xxviii, 947p.
Dimensions 25cm.
350 ## - PRICE (NR) (BK AM CF MU VM SE) [OBSOLETE]
Price 110
520 ## - SUMMARY, ETC.
Summary, etc. Presents a systematic approach to the process of property development, leading the reader through each stage of a transaction in chronological order. Contains guidance for legal advisers, identifies the key concerns of developers and investors, and provides precedents for each stage of the property development process. After introducing the subject goes on to deal with commercial and property matters, looking at the key issues a developer will need to consider, and practical precedents.
650 ## - SUBJECT ADDED ENTRY--TOPICAL TERM
Topical term or geographic name entry element PROPERTY DEVELOPMENT
650 ## - SUBJECT ADDED ENTRY--TOPICAL TERM
Topical term or geographic name entry element PROPERTY INVESTMENT
650 ## - SUBJECT ADDED ENTRY--TOPICAL TERM
Topical term or geographic name entry element JOINT VENTURES
650 ## - SUBJECT ADDED ENTRY--TOPICAL TERM
Topical term or geographic name entry element LEASES
690 ## - LOCAL SUBJECT ADDED ENTRY--TOPICAL TERM (OCLC, RLIN)
Topical term or geographic name as entry element PROPERTY-COMMERCIAL PROPERTY
700 ## - ADDED ENTRY--PERSONAL NAME
Personal name Philpott, Gary
International Standard Serial Number Editor
942 ## - ADDED ENTRY ELEMENTS (KOHA)
Suppress in OPAC 0
Holdings
Withdrawn status Lost status Source of classification or shelving scheme Damaged status Not for loan Home library Current library Shelving location Date acquired Cost, normal purchase price Total Checkouts Full call number Barcode Date last seen Date last checked out Copy number Cost, replacement price Price effective from Koha item type
    Dewey Decimal Classification     London London Books 10/03/2003 93.50 38 333.33 SMI 30068431 06/08/2019 10/07/2009 1 93.50 06/08/2019 Book